Titel im Text - Deutsche Lieder (Einfach) - Statistiken

Allgemein
  • Dieses Quiz wurde 4.662 mal gespielt
    2.629 seit der letzten Aktualisierung
  • Das Durchschnittsergebnis liegt bei 18 aus 27
Antwortstatistiken
Textquiz % Korrekt
Hast du etwas Zeit für mich? / Dann singe ich ein Lied für dich / Von {99} {Luftballons} / Auf ihrem Weg zum Horizont
97%
Das ist die {perfekte} {Welle} / Das ist der perfekte Tag / Lass dich einfach von ihr tragen / Denk am besten gar nicht nach
86%
Ich roll' den roten Teppich aus / Durch die Stadt bis vor dein Haus / Du bist das Ding für mich / Und die {Chöre} singen für dich (oho, oho, oho, oho)
86%
In einem schwarzen Fotoalbum mit 'nem silbernen Knopf / Bewahr' ich alle diese {Bilder} {im} {Kopf} / Ich weiß noch damals, als ich jung und wild war im Block / Ich bewahr' mir diese {Bilder} {im} {Kopf}
86%
Ja, jetzt wird wieder in die Hände gespuckt / Wir steigern das {Bruttosozialprodukt}
86%
Denn das ist {alles} {nur} {geklaut} / Das ist alles gar nicht meine / Das ist {alles} {nur} {geklaut} / Doch das weiß ich nur ganz alleine
81%
Und am Ende der Straße steht ein {Haus} {am} {See}. / Orangenbaumblätter liegen auf dem Weg.
80%
{Ich} {war} {noch} {niemals} {in} {New} {York}, ich war noch niemals auf Hawaii / Ging nie durch San Francisco in zerrissenen Jeans
79%
Muss {nur} {noch} {kurz} {die} {Welt} {retten} / Danach flieg' ich zu dir / Noch 148 Mails checken / Wer weiß was mir dann noch passiert, denn es passiert so viel
76%
Komm mit, komm mit mir ins {Abenteuerland} / Auf deine eigene Reise / Komm mit mir ins {Abenteuerland} / Der Eintritt kostet den Verstand
75%
{Griechischer} {Wein} ist / So wie das Blut der Erde / Komm', schenk dir ein
74%
{Ein}en {Stern} {der} {deinen} {Namen} {trägt} / Hoch am Himmelszelt / Den schenk ich Dir heut Nacht
72%
{Junge} / Warum hast du nichts gelernt? / Guck dir den Dieter an / Der hat sogar ein Auto
72%
{Dieser} {Weg} wird kein leichter sein, {dieser} {Weg} wird steinig und schwer / Nicht mit vielen wirst du dir einig sein, doch dieses Leben bietet so viel mehr
71%
Ich muss {durch} {den} {Monsun} / Hinter die Welt / Ans Ende der Zeit / Bis kein Regen mehr fällt
71%
An {Tage}n {wie} {diese}n / Wünscht man sich Unendlichkeit / An {Tage}n {wie} {diese}n / Haben wir noch ewig Zeit
65%
{Über} {den} {Wolken} / Muss die Freiheit wohl grenzenlos sein
65%
{Vincent} kriegt kein'n hoch, wenn er an Mädchen denkt / Er hat es oft versucht und sich echt angestrengt
59%
{Wahnsinn}, warum schickst du mich in die Hölle / Eiskalt lässt du meine Seele erfrier'n
58%
{Marmor}, {Stein} {und} {Eisen} {bricht} / Aber unsere Liebe nicht / Alles, alles geht vorbei / Doch wir sind uns treu
57%
Es tut mir leid {Pocahontas}, / Ich hoffe, du weißt das. / Es tut mir leid {Pocahontas}, / Ich hoffe, du weißt das.
51%
{Ein} {bisschen} {Frieden}, ein bisschen Sonne / Für diese Erde, auf der wir wohnen. / {Ein} {bisschen} {Frieden}, ein bisschen Freude, / Ein bisschen Wärme, das wünsch' ich mir.
50%
{Zehn} {kleine} {Jägermeister} rauchten einen Joint / Den einen hat es umgehauen, da waren's nur noch neun
47%
Er war ein Virtuose / War 'n Rockidol / Und alles rief / „Come and {Rock} {me} {Amadeus}“
45%
{Über} {sieben} {Brücken} {musst} {du} {gehen} / Sieben dunkle Jahre überstehen / Siebenmal wirst du die Asche sein / Aber einmal auch der helle Schein
45%
{Atemlos} {durch} {die} {Nacht} / Bis ein neuer Tag erwacht / {Atemlos} einfach raus / Deine Augen zieh'n mich aus
42%
{Ein} {Bett} {im} {Kornfeld}, das ist immer frei / Denn es ist Sommer und was ist schon dabei? / Die Grillen singen und es duftet nach Heu / Wenn ich träume
42%
Keine übereinstimmenden Quizze gefunden
Verteilung der Resultate
Anzahl Personen mit jedem Resultat
Perzentil nach korrekt beantworteten Fragen
Ihre Resultats-Entwicklung
Sie haben dieses Quiz seit der letzten Aktualisierung nicht gespielt